000 00460nam a2200181Ia 4500
001 8695
003 GE_BSU
008 181216s||||||||xx |||||||||||||| ||und||
040 _cGE_BSU
245 _aФармация. №8 2013.
245 _bНаучно-практический журнал
245 _cРед.Т.С.Аверкина
260 _aМосква
260 _c2013
300 _a56стр.29см.
653 _aФармация
942 _cCR
999 _c42009
_d42009